Otras inquisiciones
El tiempo, espacio, el futuro, la eternidad, lo finito e infinito, el suicidio, entre muchos otros temas forman estos ensayos, los que se ven influenciados por otros autores que inspiraron la escritura del autor como: Franz Kafka, Quevedo, Cervantes, Nathaniel Hawthorne, Oscar Wilde, Chesterton, Col...
Bewaard in:
| Hoofdauteur: | |
|---|---|
| Formaat: | Boek |
| Taal: | Undetermined |
| Gepubliceerd in: |
Madrid, España
Editorial Alianza
2002
|
| Onderwerpen: | |
| Tags: |
Voeg label toe
Geen labels, Wees de eerste die dit record labelt!
|
MARC
| LEADER | 00000nam a2200000Ia 4500 | ||
|---|---|---|---|
| 008 | 170316s9999 xx 000 0 und d | ||
| 040 | |a cru BVZT | ||
| 090 | |a 860 B32ot | ||
| 100 | |a Borges, Jorge Luis |9 1174 | ||
| 245 | |a Otras inquisiciones |c / Jorge Luis Borges | ||
| 260 | |a Madrid, España |b Editorial Alianza |c 2002 | ||
| 300 | |a 296 páginas | ||
| 520 | |a El tiempo, espacio, el futuro, la eternidad, lo finito e infinito, el suicidio, entre muchos otros temas forman estos ensayos, los que se ven influenciados por otros autores que inspiraron la escritura del autor como: Franz Kafka, Quevedo, Cervantes, Nathaniel Hawthorne, Oscar Wilde, Chesterton, Coleridge, John Keats, William Beckford, entre muchos otros. | ||
| 650 | |a LITERATURA LATINOAMERICANA |9 15 | ||
| 650 | |a ENSAYOS |9 146 | ||
| 999 | |c 8449 |d 8449 | ||
| 942 | |c 15 D |h 860 B32ot |2 z | ||
